Statistics for Only Name 1 - From 10 to 1 - US States

Click here to take the quiz!

General Stats

  • This quiz has been taken 47 times
  • The average score is 9 of 10

Answer Stats

HintAnswer% Correct
10 States that Touch the Mississippi RiverMinnesota / Wisconsin / Iowa / Illinois / Missouri / Kentucky / Tennessee / Arkansas / Mississippi / Louisiana
100%
5 States Whose Name Contains Cardinal DirectionNorth Carolina / North Dakota / South Dakota / South Virginia / West Virginia
98%
6 States that Border a Great Lake(s)Minnesota / Wisconsin / Illinois / Indiana / Michigan / Ohio
96%
7 States Whose Capitals Have an Elevation Over 2000ft (~610m)New Mexico / Wyoming / Colorado / Nevada / Utah / Montana / Idaho
96%
2 States in the Top 3 Biggest States by Area and PopulationTexas / California
96%
4 States with the Most National ParksCalifornia (9) / Alaska (8) / Utah (5) / Colorado (4)
93%
3 Mainland States that Border the Pacific OceanCalifornia / Oregon / Washington
93%
8 States that Start with a Unique LetterDelaware / Florida / Georgia / Hawaii / Louisiana / Pennsylvania / Rhode Island / Utah
93%
9 States Whose Flags Have Birds on ThemIllinois / Iowa / Michigan / New York / North Dakota / Oregon / Pennsylvania / Utah / Louisiana
85%
1 State that is Triple LandlockedNebraska
61%

Score Distribution

Percentile by Number Answered

Percent of People with Each Score

Your Score History

You have not taken this quiz